Principles of clinical pharmacology /

This revised second edition covers the pharmacologic principles underlying the individualization of patient therapy and contemporary drug development, focusing on the fundamentals that underlie the clinical use and contemporary development of pharmaceuticals. Authors drawn from academia, the pharmac...

Full description

Bibliographic Details
Corporate Author: ScienceDirect (Online service)
Other Authors: Atkinson, Arthur J., Jr
Format: eBook
Language:English
Published: Amsterdam ; Boston : Academic Press, [2007]
Edition:2nd ed.
Subjects:
Online Access:Connect to the full text of this electronic book
Publisher description

MARC

Tag First Indicator Second Indicator Subfields
LEADER 00000cam a2200000Ia 4500
001 in00002425987
005 20190327171448.0
006 m d
007 cr cn|||||||||
008 070806s2007 ne a sb 001 0 eng d
020 |a 9780123694171 
020 |a 0123694175 
035 |a (OCoLC)ocn162573088 
035 |a (OCoLC)162573088 
037 |a 108156:108199  |b Elsevier Science & Technology  |n http://www.sciencedirect.com 
040 |a OPELS  |c OPELS  |d UtOrBLW 
049 |a TEFA 
050 1 4 |a RM301.28  |b .P75 2007eb 
060 1 4 |a 2006 N-004 
060 1 4 |a QV 38  |b P9569 2007 
082 0 4 |a 615/.1  |2 22 
245 0 0 |a Principles of clinical pharmacology /  |c [edited by] Arthur J. Atkinson, Jr. [and others]. 
250 |a 2nd ed. 
264 1 |a Amsterdam ;  |a Boston :  |b Academic Press,  |c [2007] 
264 4 |c ©2007 
300 |a xix, 545 pages :  |b illustrations ;  |c 29 cm. 
336 |a text  |b txt  |2 rdacontent 
337 |a computer  |b c  |2 rdamedia 
338 |a online resource  |b cr  |2 rdacarrier 
533 |a Electronic reproduction.  |b Amsterdam :  |c Elsevier Science & Technology,  |d 2007.  |n Mode of access: World Wide Web.  |n System requirements: Web browser.  |n Title from title screen (viewed on Aug. 2, 2007).  |n Access may be restricted to users at subscribing institutions. 
520 |a This revised second edition covers the pharmacologic principles underlying the individualization of patient therapy and contemporary drug development, focusing on the fundamentals that underlie the clinical use and contemporary development of pharmaceuticals. Authors drawn from academia, the pharmaceutical industry and government agencies cover the spectrum of material, including pharmacokinetic practice questions, covered by the basic science section of the certifying examination offered by the American Board of Clinical Pharmacology. This unique reference is recommended by the Board as a study text and includes modules on drug discovery and development to assist students as well as practicing pharmacologists. * Unique breadth of coverage ranging from drug discovery and development to individualization and quality assessment of drug therapy. * Unusual cohesive of presentation that stems from author participation in an ongoing popular NIH course. * Instructive linkage of pharmacokinetic theory and applications with provision of sample problems for self-study. * Wide-ranging perspective of authors drawn from the ranks of Federal agencies, academia and the pharmaceutical industry. * Expanded coverage of pharmacogenetics * Expanded coverage of drug transporters and their role in interactions * Inclusion of new material on enzyme induction mechanisms in chapters on drug metabolism and drug interactions * A new chapter on drug discovery that focuses on oncologic agents * Inclusion of therapeutic antibodies in chapter on biotechnology products. 
505 0 |a PART 1: PHARMACOKINETICS -- PART 2: DRUG METABOLISM AND TRANSPORT -- PART 3: ASSESSMENT OF DRUG EFFECTS -- PART 4: OPTIMIZING AND EVALUATING PATIENT THERAPY -- PART 5: DRUG DISCOVERY AND DEVELOPMENT. 
504 |a Includes bibliographical references. 
500 |a Electronic resource. 
650 0 |a Clinical pharmacology. 
650 1 2 |a Pharmacology, Clinical. 
650 6 |a Pharmacologie clinique. 
650 1 7 |a Farmacologie.  |2 gtt 
655 7 |a Electronic books.  |2 local 
700 1 |a Atkinson, Arthur J.,  |c Jr. 
776 1 |c Original  |z 9780123694171  |z 0123694175  |w (DLC) 2007533310  |w (OCoLC)84717561 
710 2 |a ScienceDirect (Online service) 
856 4 0 |u http://proxy.library.tamu.edu/login?url=http://www.sciencedirect.com/science/book/9780123694171  |z Connect to the full text of this electronic book  |t 0 
856 4 2 |3 Publisher description  |u http://www.loc.gov/catdir/enhancements/fy0733/2007533310-d.html  |t 0 
994 |a C0  |b TEF 
999 |a MARS 
999 f f |s 6e5d1714-78e8-3828-9f60-a10a5e1adb54  |i cc3066ea-0b94-3bfc-b6a3-b816ce144347  |t 0 
952 f f |a Texas A&M University  |b College Station  |c Electronic Resources  |d Available Online  |t 0  |e RM301.28 .P75 2007eb  |h Library of Congress classification 
998 f f |a RM301.28 .P75 2007eb  |t 0  |l Available Online